Acteurs du film Le Prénom par images - Statistiques

Statistiques générales
  • Ce quiz a été pris 52 fois
  • Le résultat moyen est 3 sur 8
Statistiques - réponses
Par images Hint Réponse % Correct
Vincent Larchet Patrick Bruel
100%
Élisabeth Garraud-Larchet Valérie Benguigui
52%
Claude Gatignol Guillaume de Tonquédec
48%
Françoise Larchet Françoise Fabian
24%
Pierre Garraud Charles Berling
17%
Anna Caravatti Judith El Zein
13%
le premier Réalisateur Alexandre de La Patellière
7%
le second Réalisateur Matthieu Delaporte
7%
Aucun quiz correspondant
Distribution des résultats
% des personnes avec chaque résultat
Percentile par nombre de réponses
Votre historique - résultats
Vous n’avez pas pris ce quiz